| 000 | 00000nam##2200000za#4500 |
| 001 | 9.695768 |
| 003 | CaOODSP |
| 005 | 20210624234727 |
| 007 | cr ||||||||||| |
| 008 | 150407|2000||||xxc|||||o f|0| 0 eng|d |
| 040 | |aCaOODSP|beng |
| 043 | |an-cn--- |
| 086 | 1 |aCH44-11/2000E-PDF |
| 110 | 1 |aCanada. |bCanadian Heritage. |
| 245 | 10|aFrom script to screen : |h[electronic resource]|bnew policy directions for Canadian feature film |
| 260 | |aOttawa - Ontario : |bCanadian Heritage |cc2000. |
| 300 | |a12p.|btable |
| 500 | |aThe catalogue number (CH44-11/2000) and ISBN (0-662-65221-5) for the bilingual print edition have been incorrectly copied in this electronic publication. |
| 590 | |a12-14-Supp|b2012-04-10 |
| 690 | 07|aFilm industry|2gcpds |
| 775 | 08|tDu scénario à l'écran : |w(CaOODSP)9.639890 |
| 776 | 0#|tFrom script to screen : |w(CaOODSP)9.662147 |
| 776 | 0#|tDu scénario à l'écran : |w(CaOODSP)9.662148 |
| 856 | 40|ahttp://publications.gc.ca|qPDF|s260 KB|uhttps://publications.gc.ca/collections/Collection/CH44-11-2000E.pdf |